01267nab a2200217 i 4500001000400000003000400004005001700008008003900025040000800064041001300072080001700085100012000102245030600222260001000528500002100538520024700559650002700806650002900833700011600862773007100978BPPBPK20190610114326.0140523s2012 pl f |000 0 pol cBPK apolbeng a621.791/.795 aKAPŁONEK, Wojciech.d2008 - .bPolitechnika Koszalińska - Wydział Mechaniczny, cKatedra Inżynierii Produkcji aPomiary topografii czynnej powierzchni foliowych taśm mikrościernych z wykorzystaniem konfokalnej laserowej mikroskopii skaningowej =bMeasurements of surface topography of microfinishing films with use of confocal laser scanning microscopy /cWojciech Kapłonek, Robert Tomkowski, Michal Zelenak. c2012. aDane z autopsji. aW pracy przedstawiono zagadnienia związane z pomiarami topografii powierzchni narzędzi ściernych stosowanych w procesach mikro- i nanoobróbki. Ocenie poddano zestaw elastycznych foliowych taśm mikrościernych z ziarnem diamentowym. 0aPrzyrządy pomiarowe. 0aInżynieria powierzchni aTOMKOWSKI, Robert.d2008 - .bPolitechnika Koszalińska - Wydział Mechaniczny,cKatedra Mechaniki Precyzyjnej iW :tPomiary Automatyka Kontrola. -g2012, Vol. 58, nr 1, s. 37-39